000 00274nam a2200085Ia 4500
008 171024s2001 xx 000 0 und d
245 _aCompendium Of Environment Statistics 2000
260 _aNew Delhi
_bCSOMSPIGI
_c2001
650 _aBiodiversity - atmosphere
_aLand - soil - water
999 _c110436
_d110436